[Event "Hannover-ch U14"]
[Site "Lehrte"]
[Date "2010.10.12"]
[Round "7"]
[White "Schach, Nils"]
[Black "Neumair, Dorian"]
[Result "0-1"]
[WhiteElo "968"]
[BlackElo "1284"]
[PlyCount "60"]
[EventDate "2010.10.09"]
[EventType "swiss"]
[EventRounds "7"]
[EventCountry "GER"]
[SourceTitle "EXT 2021"]
[Source "ChessBase"]
[SourceDate "2020.10.23"]
[SourceVersion "1"]
[SourceVersionDate "2020.10.23"]
[SourceQuality "1"]

1. d4 d5 2. Nf3 Nc6 3. c4 Bf5 4. Nc3 e6 5. a3 Nf6 6. e3 Be7 7. Bd3 Bg4 8. 0-0 0-0 9. Qe2 Re8 10. e4 Nxd4 11. Qd1 Nxf3+ 12. gxf3 Bh3 13. Re1 d4 14. Ne2 e5 15. Ng3 Nd7 16. f4 Bh4 17. Qf3 Nf6 18. fxe5 Ng4 19. Bf1 Nxe5 20. Qd1 Qd7 21. Qh5 Bxf1 22. Rxf1 Qh3 23. f4 Ng4 24. Qxg4 Qxg4 25. Kf2 Rxe4 26. Kg2 Re2+ 27. Rf2 Rae8 28. b3 Rxf2+ 29. Kxf2 Re2+ 30. Kf1 Qf3+ 0-1

[Event "Hannover-ch U14"]
[Site "Lehrte"]
[Date "2010.10.09"]
[Round "2"]
[White "Weissbrot, Eduard"]
[Black "Schach, Nils"]
[Result "1-0"]
[WhiteElo "1197"]
[BlackElo "968"]
[PlyCount "47"]
[EventDate "2010.10.09"]
[EventType "swiss"]
[EventRounds "7"]
[EventCountry "GER"]
[SourceTitle "EXT 2021"]
[Source "ChessBase"]
[SourceDate "2020.10.23"]
[SourceVersion "1"]
[SourceVersionDate "2020.10.23"]
[SourceQuality "1"]

1. e4 e5 2. Nf3 Nc6 3. Bc4 Nf6 4. d3 d6 5. Nc3 Bg4 6. Be3 Nd4 7. Bxd4 exd4 8. Nd5 c6 9. Nf4 g6 10. h3 Bxf3 11. Qxf3 b5 12. Bb3 Qa5+ 13. Ke2 Bg7 14. Rhe1 0-0 15. Kf1 Rad8 16. Kg1 b4 17. Re2 d5 18. e5 Nd7 19. Rae1 Rfe8 20. e6 Nf6 21. g4 Rd6 22. g5 Nh5 23. exf7+ Kxf7 24. Nxh5+ 1-0